Logo BPK

Biblioteka

Politechniki Koszalińskiej

Status człowieka niepełnosprawnego w prawie publicznym / (Rekord nr 55510)

Szczegóły MARC
000 -ETYKIETA REKORDU
podpole kontrolne o stałej długości 00823nam a2200265 i 4500
001 - NUMER KONTROLNY REKORDU
pole kontrolne bg
015 ## - NUMER BIBLIOGRAFII NARODOWEJ
Numer bibliografii narodowej PB 19260/2007
020 ## - MIĘDZYNARODOWY ZNORMALIZOWANY NUMER KSIĄŻKI - ISBN
ISBN 9788392362791
040 ## - ŹRÓDŁO KATALOGOWANIA
Instytucja, która utworzyła rekord BPK
041 ## - KOD JĘZYKA
Kod języka warstwy słownej nagrania dźwiękowego KOSZ005
041 ## - KOD JĘZYKA
Kod języka tekstu pol
044 ## - KOD KRAJU WYDAWCY/PRODUCENTA
Kod kraju wydawcy/producenta POL
080 ## - UNIWERSALNA KLASYFIKACJA DZIESIĘTNA - UKD
UKD 342.726-056.26/.36:342.9](438)
920 ## - Międzynarodowy znormalizowany numer książki – ISBN
ISBN 978-83-923627-9-1
008 - POLE O STAŁEJ DŁUGOŚCI - DANE KONTROLNE
podpole kontrolne o stałej długości 070530s2006 pl |000 0 pol
100 1# - NAZWA OSOBOWA
Nazwa osobowa Sienkiewicz, Tomasz
Dopowiedzenie (prawo).
245 10 - TYTUŁ/ODPOWIEDZIALNOŚĆ
Tytuł Status człowieka niepełnosprawnego w prawie publicznym /
Pozostałe elementy strefy tytułu i oznaczenia odpowiedzialności Tomasz Sienkiewicz.
260 ## - STREFA ADRESU WYDAWNICZEGO
Miejsce wydania Warszawa :
Nazwa wydawcy/dystrybutora Krajowa Izba Gospodarczo-Rehabilitacyjna,
Data publikacji, dystrybucji/powstania dokumentu 2007.
300 ## - STREFA OPISU FIZYCZNEGO
Objętość 269 s. ;
Rozmiary 24 cm.
500 ## - UWAGI OGÓLNE
Tekst uwagi U dołu s. tyt.: zeszyt 45.
504 ## - UWAGA DOTYCZĄCA BIBLIOGRAFII
Informacje o bibliografii Bibliogr. s. 190-200.
650 #9 - HASŁO PRZEDMIOTOWE W FORMIE NAZWY OGÓLNEJ LUB JEDNOSTKOWEJ
Nazwa ogólna lub geograficzna Niepełnosprawni
Określnik ogólny prawo
Określnik geograficzny Polska
Określnik chronologiczny stan na 2007 r.
650 #9 - HASŁO PRZEDMIOTOWE W FORMIE NAZWY OGÓLNEJ LUB JEDNOSTKOWEJ
Nazwa ogólna lub geograficzna Prawo publiczne
Określnik geograficzny Polska
Określnik chronologiczny stan na 2007 r.
856 ## - LOKALIZACJA I DOSTĘP DO ELEKTRONICZNYCH DOKUMENTÓW ZDALNYCH
Link (URL) http://koha.tu.koszalin.pl/cgi-bin/koha/opac-detail.pl?biblionumber=55510
Tekst linku Katalog online BPK
942 ## - DODATKOWE ELEMENTY (KOHA)
Typ dokumentu Książka
Egzemplarze
Wycofany Status egzemplarza Uszkodzony Dostępność Lokalizacja stała Lokalizacja bieżąca Miejsce przechowywania Sygnatura Kod kreskowy Dział Typ dokumentu
      Tylko na miejscu Biblioteka Politechniki Koszalińskiej Biblioteka Politechniki Koszalińskiej Czytelnia Wydziałowa ul. Kwiatkowskiego 6e 88759 02446219 342 Prawo konstytucyjne. Prawo administracyjne Książka
© 2023 Biblioteka Politechniki Koszalińskiej :: KOHA